[Event "Chess Training #001"]
[Site "SchemingMind.com"]
[Date "2010.02.16"]
[Round "-"]
[White "Orange Lion"]
[Black "lemmie"]
[Result "1-0"]
[WhiteCountry "NED"]
[BlackCountry "NED"]
[WhiteElo "2438"]
[WhiteRD "82"]
[BlackElo "1575"]
[BlackRD "51"]
[GameID "239093"]

1. Nf3 Nc6 2. d4 d5 3. c4 Bg4 4. Nc3 Bxf3 5. exf3 e6 6. cxd5 exd5 7. Bb5 Nf6 8. O-O Be7 9. Bxc6+ bxc6 10. Qa4 Qd7
11. Re1 O-O 12. Bg5 h6 13. Bh4 Rfe8 14. Re2 Qd6 15. a3 Nd7 16. Bg3 Qf6 17. Nxd5 cxd5 18. Qxd7 c6 19. Rae1
1-0

[Event "Chess Training #001"]
[Site "SchemingMind.com"]
[Date "2010.03.07"]
[Round "-"]
[White "sabolaGM"]
[Black "griffimv"]
[Result "0-1"]
[WhiteCountry "HUN"]
[BlackCountry "INT"]
[WhiteElo "1799"]
[WhiteRD "124"]
[BlackElo "2276"]
[BlackRD "99"]
[GameID "240556"]

1. e4 c5 2. c3 Nf6 3. e5 Nd5 4. d4 cxd4 5. cxd4 d6 6. Bc4 Nb6 7. Bb5+ Bd7 8. e6 fxe6 9. Bd3 g6 10. Nf3 Bg7
11. O-O Nc6 12. Nc3 O-O 13. Be3 Nb4 14. Bb1 Nc4 15. Bc1 Qb6 16. b3 Rxf3
0-1

[Event "Chess Training #001"]
[Site "SchemingMind.com"]
[Date "2010.03.07"]
[Round "-"]
[White "griffimv"]
[Black "sabolaGM"]
[Result "1-0"]
[WhiteCountry "INT"]
[BlackCountry "HUN"]
[WhiteElo "2276"]
[WhiteRD "99"]
[BlackElo "1799"]
[BlackRD "124"]
[GameID "240558"]

1. e4 e6 2. d4 d5 3. Nc3 Nf6 4. Bg5 Be7 5. e5 Nfd7 6. Bxe7 Qxe7 7. f4 a6 8. Nf3 c5 9. Qd2 Nc6 10. dxc5 Qxc5
11. O-O-O b5 12. Ne2 Nb6 13. Ned4 Nc4 14. Bxc4 Nxd4 15. Bxd5 Qxd5 16. Qxd4 Qxd4 17. Rxd4 Ra7 18. Rhd1 Ke7 19. Rd6 Rc7 20. Nd4 Bb7
21. f5
1-0

[Event "Chess Training #001"]
[Site "SchemingMind.com"]
[Date "2010.04.06"]
[Round "-"]
[White "Naoki_M"]
[Black "NAZRIZ1977"]
[Result "0-1"]
[WhiteCountry "JPN"]
[BlackCountry "WLS"]
[WhiteElo "1689"]
[WhiteRD "70"]
[BlackElo "1852"]
[BlackRD "59"]
[GameID "244029"]

1. d4 Nf6 2. c4 g6 3. g3 Bg7 4. Bg2 O-O 5. Nc3 d6 6. Nf3 c6 7. O-O Qa5 8. Bd2 Qh5 9. e4 Bg4 10. Be3 Nbd7
11. Qe2 c5 12. d5 Ne5 13. Bf4 Nxf3+ 14. Bxf3 Bxf3 15. Qd2 Qh3
0-1

[Event "Chess Training #001"]
[Site "SchemingMind.com"]
[Date "2010.04.07"]
[Round "-"]
[White "sidra"]
[Black "MOIMOI"]
[Result "0-1"]
[WhiteCountry "HUN"]
[BlackCountry "POL"]
[WhiteElo "1659"]
[WhiteRD "103"]
[BlackElo "1563"]
[BlackRD "51"]
[GameID "244390"]

1. d4 d5 2. e3 Bf5 3. Nc3 e6 4. a3 a6 5. g3 Nf6 6. f3 c5 7. dxc5 Bxc5 8. b4 Ba7 9. Bg2 Qc7 10. Nge2 O-O
11. O-O h6 12. Kh1 Rd8 13. Bd2 Nc6 14. Qc1 d4 15. exd4 Nxd4 16. Bf4 Qc4 17. Nxd4 Bxd4 18. Ne4 Bxe4 19. fxe4 Bxa1 20. Qxa1 Nxe4
21. Qc1 g5 22. Be3 f5 23. Bxe4 Qxe4+ 24. Kg1 Rd5 25. c4 Rd3 26. Re1 Rad8 27. Kf2 f4 28. gxf4 g4 29. Rf1 Qf3+ 30. Kg1 Rd1
31. Rxd1 Rxd1+ 32. Qxd1 Qxd1+ 33. Kg2 Qf3+ 34. Kg1 Qxe3+ 35. Kg2 Qxf4 36. c5 h5 37. h3 Qf3+ 38. Kg1 g3 39. a4 Qf2+ 40. Kh1 Qf1#
0-1

[Event "Chess Training #001"]
[Site "SchemingMind.com"]
[Date "2010.04.07"]
[Round "-"]
[White "MOIMOI"]
[Black "sidra"]
[Result "0-1"]
[WhiteCountry "POL"]
[BlackCountry "HUN"]
[WhiteElo "1563"]
[WhiteRD "51"]
[BlackElo "1659"]
[BlackRD "103"]
[GameID "244396"]

1. Nf3 d5 2. d4 e6 3. g3 h6 4. Bf4 f6 5. Bg2 g5 6. Bd2 Nc6 7. O-O Bg7 8. e3 Nge7 9. Nc3 a6 10. e4 O-O
11. exd5 exd5 12. h4 Bg4 13. hxg5 hxg5 14. Qe1 Re8 15. Nh2 Bf5 16. Rc1 Nxd4 17. Be3 Nxc2 18. Qd2 Nxe3 19. fxe3 c6 20. Ne2 Qd7
21. Nd4 Bh7 22. Bf3 Qh3 23. Qg2 Qxg2+ 24. Kxg2 Nf5 25. Rcd1 Nxe3+ 26. Kf2 Nxf1 27. Nxf1 Re5 28. g4 Rae8 29. Nf5 Bxf5 30. gxf5 Rxf5
31. Nh2 Rf4 32. Nf1 g4 33. Nh2 gxf3 34. Rg1 Kf7 35. Nxf3 Rfe4 36. Rd1 Re2+ 37. Kf1 Rxb2 38. a4 Ree2 39. Kg1 Bh6
0-1

[Event "Chess Training #001"]
[Site "SchemingMind.com"]
[Date "2010.05.22"]
[Round "-"]
[White "Clive Everill"]
[Black "reo"]
[Result "1-0"]
[WhiteCountry "CZE"]
[BlackCountry "THA"]
[WhiteElo "1700"]
[WhiteRD "53"]
[BlackElo "1742"]
[BlackRD "83"]
[GameID "249213"]

1. e4 c5 2. Nf3 d6 3. d4 cxd4 4. Qxd4 Nc6 5. Bb5 Bd7 6. Qd3 Nf6 7. Nc3 Nb4 8. Bxd7+ Qxd7 9. Qe2 Rc8 10. a3 Nc6
11. O-O g6 12. Rd1 Qc7 13. b4 b6 14. Bb2 Bg7 15. Nd5 Qb7 16. Nxf6+ exf6 17. Rxd6 Ne5 18. Qb5+ Nd7 19. Rad1
1-0

[Event "Chess Training #001"]
[Site "SchemingMind.com"]
[Date "2010.05.22"]
[Round "-"]
[White "reo"]
[Black "Clive Everill"]
[Result "1-0"]
[WhiteCountry "THA"]
[BlackCountry "CZE"]
[WhiteElo "1804"]
[WhiteRD "81"]
[BlackElo "1657"]
[BlackRD "51"]
[GameID "249217"]

1. g3 e5 2. Bg2 d5 3. d3 Bc5 4. Nc3 Be6 5. Nf3 Nc6 6. O-O Nge7 7. a3 a5 8. e3 O-O 9. d4 exd4 10. exd4 Bb6
11. Nb5 Na7 12. Nxa7 Bxa7 13. c3 c5 14. Re1 Nc6 15. dxc5 Bxc5 16. Ng5 Qf6 17. Qc2 Bf5 18. Qe2 Rfe8 19. Qd2 Rxe1+ 20. Qxe1 h6
21. Nh3 Be6 22. Nf4 Rf8 23. Nxd5 Bxd5 24. Bxd5 Nd8 25. b4 axb4 26. axb4 Be7 27. Ra7 Re8 28. Be3 Qe5 29. Bxb7 Nxb7 30. Rxb7 Qe4
31. Rd7 Bg5 32. b5 Bxe3 33. fxe3 Rb8 34. Rd4 Qc2 35. c4 Ra8 36. Qd1 Qc3 37. Qf3 Ra1+ 38. Kg2 Qc2+ 39. Qf2 Qg6 40. e4 Qb6
41. Qb2 Qa5 42. Rd2 Qa7 43. b6
1-0

[Event "Chess Training #001"]
[Site "SchemingMind.com"]
[Date "2010.05.23"]
[Round "-"]
[White "Naoki_M"]
[Black "griffimv"]
[Result "1-0"]
[WhiteCountry "JPN"]
[BlackCountry "INT"]
[WhiteElo "1734"]
[WhiteRD "71"]
[BlackElo "2057"]
[BlackRD "89"]
[GameID "249325"]

1. d4 Nf6 2. c4 g6 3. Nc3 Bg7 4. g3 O-O 5. Bg2 d6 6. e3 Nbd7 7. Nf3 e5 8. d5 Nc5 9. O-O a5 10. Bd2 Bg4
11. Qc2 Bf5 12. e4 Nfxe4 13. Nxe4 Bxe4 14. Qd1 Bd3 15. Re1
1-0

[Event "Chess Training #001"]
[Site "SchemingMind.com"]
[Date "2010.05.23"]
[Round "-"]
[White "griffimv"]
[Black "Naoki_M"]
[Result "1-0"]
[WhiteCountry "INT"]
[BlackCountry "JPN"]
[WhiteElo "2057"]
[WhiteRD "89"]
[BlackElo "1734"]
[BlackRD "71"]
[GameID "249330"]

1. e4 c5 2. Nf3 Nc6 3. d4 cxd4 4. Nxd4 Nf6 5. Nc3 e5 6. Ndb5 d6 7. Bg5 Be7 8. Bxf6 gxf6 9. Nd5 Rb8 10. Nbc7+ Kd7
11. Qg4+
1-0

[Event "Chess Training #001"]
[Site "SchemingMind.com"]
[Date "2010.05.21"]
[Round "-"]
[White "jtrochez1"]
[Black "Alikabok"]
[Result "0-1"]
[WhiteCountry "HON"]
[BlackCountry "PHI"]
[WhiteElo "1535"]
[WhiteRD "54"]
[BlackElo "1938"]
[BlackRD "96"]
[GameID "249416"]

1. e4 Nf6 2. d3 e5 3. Nf3 Nc6 4. Bg5 Be7 5. Bxf6 Bxf6 6. Nc3 O-O 7. Be2 Ne7 8. Qd2 c6 9. d4 d6 10. h3 Ng6
11. g3 b5 12. d5 b4 13. Nd1 c5 14. Bc4 a5 15. h4 h6 16. Ne3 Qb6 17. h5 Ne7 18. b3 a4 19. O-O axb3 20. cxb3 Kh7
21. Kg2 Bd7 22. Rh1 Rh8 23. Nh2 Bg5 24. Qe2 Bxe3 25. Qxe3 Qd8 26. f4 f6 27. f5 Ra3 28. Rhb1 Qa5 29. Rb2 Ra8 30. g4 Nc8
31. Nf1 Nb6 32. Nd2 Na4 33. Rc2 Nc3 34. Bf1 Qc7 35. Bc4 R8a5 36. Nb1 Nxb1 37. Rxb1 Rxa2 38. Rxa2 Rxa2+ 39. Kf3 Qa5 40. Kg3 Bb5
41. Qc1 Qa6 42. Kf3 Bxc4 43. Qxc4 Qxc4 44. bxc4 Kg8 45. Rb3 Kf7 46. Rb1 Ke7 47. Ke3 Kd7 48. Kf3 Kc7 49. Rc1 Kb6 50. Ke3 Ka5
51. Kd3 Ra3+ 52. Ke2 Ka4 53. Kf2 b3 54. Ke2 b2 55. Rb1 Kb3
0-1

[Event "Chess Training #001"]
[Site "SchemingMind.com"]
[Date "2010.05.24"]
[Round "-"]
[White "simon_w"]
[Black "PStuart"]
[Result "1-0"]
[WhiteCountry "IRL"]
[BlackCountry "USA"]
[WhiteElo "1916"]
[WhiteRD "75"]
[BlackElo "1825"]
[BlackRD "66"]
[GameID "249417"]

1. e4 c6 2. d4 d5 3. exd5 cxd5 4. c4 Nf6 5. Nc3 e6 6. Nf3 Nc6 7. Bg5 Be7 8. Bd3 dxc4 9. Bxc4 O-O 10. O-O Bd7
11. Qc2 Qc7 12. Bxf6 Bxf6 13. d5 exd5 14. Nxd5 Qd8 15. Nxf6+ Qxf6 16. Rad1 Rad8 17. Rfe1 Bf5 18. Qb3 Na5 19. Qb5 Nxc4 20. Rxd8 Rxd8
21. Qe8+
1-0

[Event "Chess Training #001"]
[Site "SchemingMind.com"]
[Date "2010.05.21"]
[Round "-"]
[White "Alikabok"]
[Black "jtrochez1"]
[Result "1-0"]
[WhiteCountry "PHI"]
[BlackCountry "HON"]
[WhiteElo "1968"]
[WhiteRD "98"]
[BlackElo "1516"]
[BlackRD "53"]
[GameID "249424"]

1. e4 e5 2. Nf3 Nc6 3. Bb5 d6 4. d4 Bd7 5. d5 Nb8 6. Be2 h6 7. Nc3 a6 8. a4 c5 9. a5 Be7 10. Bd2 Bf6
11. O-O Ne7 12. Na4 Bxa4 13. Rxa4 O-O 14. h3 Nc8 15. Nh2 Kh7 16. Bd3 Bg5 17. f4 Bh4 18. Nf3 Bg3 19. Qc1 f6 20. Be3 Nd7
21. Nd2 Ne7 22. Nc4 b5 23. axb6 Nxb6 24. Ra3 Ng6 25. f5 Nf4 26. Qd1 Nxd3 27. Qxd3 Bh4 28. Kh2 Nxc4 29. Qxc4 a5 30. g3 Bg5
31. Bg1 Bd2 32. Rd3 Qb6 33. Rb3 Qa6 34. Qxa6 Rxa6 35. Rd3 Bb4 36. c3 c4 37. Rd2 Bc5 38. Bxc5 dxc5 39. Ra1 a4 40. g4 g5
41. Kg3 Rd8 42. h4 Kg7 43. hxg5 hxg5 44. Rh2 Rh8 45. Rd2 Rd8 46. Kf3 Rh8 47. Kg3 Rd8 48. Rh2 Rh8 49. Rh5 Rxh5 50. gxh5 Kh6
51. Kg4 Kh7 52. Kf3 Kh6 53. Kg3 Ra7 54. d6 Rd7 55. Rd1 Kg7 56. Rd5 Kh6 57. Kg4 Kg7 58. Rxc5 Rxd6 59. Rxc4 Kh6 60. Rxa4 Rd2
61. Rb4 Rg2+ 62. Kf3 Rg1 63. Rb8 g4+ 64. Kf2 Rh1 65. b4 Rh2+ 66. Kg3 Rc2 67. b5 Rxc3+ 68. Kxg4 Rb3 69. b6 Rb4 70. b7 Kg7
71. Kf3 Rb3+ 72. Ke2 Rb6 73. Kd3 Kh6 74. Rh8+ Kg7 75. b8=Q
1-0

[Event "Chess Training #001"]
[Site "SchemingMind.com"]
[Date "2010.05.24"]
[Round "-"]
[White "PStuart"]
[Black "simon_w"]
[Result "0-1"]
[WhiteCountry "USA"]
[BlackCountry "IRL"]
[WhiteElo "1825"]
[WhiteRD "66"]
[BlackElo "1916"]
[BlackRD "75"]
[GameID "249425"]

1. d4 Nf6 2. Nf3 g6 3. e3 Bg7 4. Be2 d5 5. b3 O-O 6. Bb2 Be6 7. O-O Nbd7 8. Nbd2 Rc8 9. Rc1 c5 10. Ne5 Nxe5
11. dxe5 Nd7 12. f4 c4 13. Bd4 b5 14. Nf3 h6 15. c3 a5 16. Nd2 Nc5 17. Bxc5 Rxc5 18. Nf3 Bf5 19. Nd4 Be4 20. Bf3 Qb6
21. Bxe4 dxe4
0-1

[Event "Chess Training #001"]
[Site "SchemingMind.com"]
[Date "2010.07.20"]
[Round "-"]
[White "simon_w"]
[Black "Orange Lion"]
[Result "0-1"]
[WhiteCountry "IRL"]
[BlackCountry "NED"]
[WhiteElo "1965"]
[WhiteRD "76"]
[BlackElo "2423"]
[BlackRD "78"]
[GameID "254715"]

1. e4 e6 2. d4 d5 3. Nc3 Bb4 4. e5 c5 5. Qg4 Ne7 6. dxc5 Nbc6 7. Bd2 O-O 8. O-O-O Ng6 9. Nf3 Bxc5 10. Qh5 Bd7
11. h4 Bxf2 12. Bd3 Nb4 13. Rdf1 Nxd3+ 14. cxd3 Qb6 15. Ng5 h6 16. Nxf7 Rxf7 17. Qxg6 Raf8 18. Rh3 Be3 19. Rxe3 Rxf1+ 20. Re1 Rxe1+
21. Bxe1 Qe3+ 22. Bd2 Rf1+ 23. Kc2 Rf2
0-1

[Event "Chess Training #001"]
[Site "SchemingMind.com"]
[Date "2010.07.20"]
[Round "-"]
[White "Orange Lion"]
[Black "simon_w"]
[Result "1-0"]
[WhiteCountry "NED"]
[BlackCountry "IRL"]
[WhiteElo "2423"]
[WhiteRD "78"]
[BlackElo "1965"]
[BlackRD "76"]
[GameID "254720"]

1. e4 e5 2. f4 exf4 3. Nf3 g5 4. h4 g4 5. Ne5 d6 6. Nxg4 Be7 7. d4 Bxh4+ 8. Nf2 Qg5 9. Qf3 Nc6 10. Qxf4 Bxf2+
11. Kxf2 Qxf4+ 12. Bxf4 Nxd4 13. Nc3 Ne6 14. Bd2 Nf6 15. Kg1 Bd7 16. Bd3 Nc5 17. Rf1 Ng4 18. Nd5 O-O-O 19. Rxf7 Ne5 20. Rfxh7 Rxh7
21. Rxh7 Ncxd3 22. cxd3 c6 23. Nf4 Rg8 24. Be3 Rf8 25. b4 Kd8 26. b5 Ke8 27. Nh5 Rf7 28. Rh8+ Rf8 29. Nf6+ Ke7 30. Rxf8 Kxf8
31. d4
1-0

[Event "Chess Training #001"]
[Site "SchemingMind.com"]
[Date "2010.10.23"]
[Round "-"]
[White "Orange Lion"]
[Black "Naoki_M"]
[Result "1-0"]
[WhiteCountry "NED"]
[BlackCountry "JPN"]
[WhiteElo "2410"]
[WhiteRD "84"]
[BlackElo "1697"]
[BlackRD "76"]
[GameID "264280"]

1. e4 c5 2. Nf3 d6 3. d4 cxd4 4. Nxd4 Nf6 5. Nc3 g6 6. Be3 Bg7 7. f3 O-O 8. Qd2 Nc6 9. Bc4 Bd7 10. O-O-O Rc8
11. Bb3 Ne5 12. Kb1 a6 13. h4 h5 14. g4 b5 15. gxh5 Nxh5 16. Bg5 Nc4 17. Qg2 Kh7 18. Nd5 f6 19. Bc1 e5 20. Rhg1 Qe8
21. Ne2 Qf7 22. Ne7 Rce8 23. Nxg6 Rg8 24. Rxd6 Bf8 25. Nxf8+ Rexf8 26. Bxc4 bxc4 27. Qf2 Rxg1 28. Qxg1 Bb5 29. Nc3 Nf4 30. Bxf4 exf4
31. Qb6 Kg7 32. Nd5 Be8 33. a3 f5 34. Qd4+ Kh7 35. Nf6+ Qxf6 36. Rxf6 Rxf6 37. Qxf6 Bg6 38. exf5
1-0

[Event "Chess Training #001"]
[Site "SchemingMind.com"]
[Date "2010.10.23"]
[Round "-"]
[White "Naoki_M"]
[Black "Orange Lion"]
[Result "0-1"]
[WhiteCountry "JPN"]
[BlackCountry "NED"]
[WhiteElo "1697"]
[WhiteRD "76"]
[BlackElo "2410"]
[BlackRD "84"]
[GameID "264283"]

1. d4 e6 2. c4 Nf6 3. Nc3 Bb4 4. Bd2 O-O 5. Nf3 b6 6. e4 Bxc3 7. Bxc3 Nxe4 8. Qc2 Bb7 9. Bd3 Nxc3 10. Qxc3 Bxf3
11. gxf3 Nc6 12. h4 Qf6 13. Be4 d5 14. cxd5 exd5 15. Bxd5 Rae8+ 16. Be4 Nxd4 17. Kd2 Rxe4 18. fxe4 Qxf2+ 19. Kd1 Rd8 20. Re1 Nb3+
0-1

[Event "Chess Training #001"]
[Site "SchemingMind.com"]
[Date "2010.11.03"]
[Round "-"]
[White "sidra"]
[Black "Alikabok"]
[Result "0-1"]
[WhiteCountry "HUN"]
[BlackCountry "PHI"]
[WhiteElo "1677"]
[WhiteRD "87"]
[BlackElo "1992"]
[BlackRD "96"]
[GameID "265617"]

1. d4 Nf6 2. c4 g6 3. Nc3 Bg7 4. e3 O-O 5. Bd3 d6 6. Nge2 Nbd7 7. O-O c5 8. d5 Ne5 9. f3 Re8 10. e4 a6
11. b3 Nxd3 12. Qxd3 Rf8 13. Rb1 Nd7 14. Bb2 Ne5 15. Qd2 f5 16. exf5 Bxf5 17. Rbd1 Nd3 18. g4 Nxb2 19. Qxb2 Bd7 20. Qd2 Rf7
21. Ne4 Qf8 22. Ng5 Rf6 23. Ne4 Rxf3 24. g5 Qf5 25. Rxf3 Qxf3 26. N2g3 Bh3 27. Qc2 Rf8 28. Qd2 Bd4+ 29. Nf2 Qg2#
0-1

[Event "Chess Training #001"]
[Site "SchemingMind.com"]
[Date "2010.11.03"]
[Round "-"]
[White "Alikabok"]
[Black "sidra"]
[Result "1-0"]
[WhiteCountry "PHI"]
[BlackCountry "HUN"]
[WhiteElo "1992"]
[WhiteRD "96"]
[BlackElo "1677"]
[BlackRD "87"]
[GameID "265622"]

1. e4 e5 2. Nf3 d6 3. d4 exd4 4. Nxd4 a6 5. Be2 Nf6 6. Nc3 c5 7. Nf3 h6 8. O-O Nc6 9. Re1 Be7 10. a3 O-O
11. h3 b5 12. Bf1 Bb7 13. Bf4 Re8 14. Qd2 b4 15. Nd5 bxa3 16. bxa3 Nxd5 17. exd5 Na5 18. Bxh6 gxh6 19. Qxh6 c4 20. Re4 f5
21. Re6 Bf8 22. Rg6+ Kf7 23. Qh7+ Bg7 24. Qxg7#
1-0

[Event "Chess Training #001"]
[Site "SchemingMind.com"]
[Date "2011.01.14"]
[Round "-"]
[White "Clive Everill"]
[Black "Alikabok"]
[Result "0-1"]
[WhiteCountry "CZE"]
[BlackCountry "PHI"]
[WhiteElo "1679"]
[WhiteRD "53"]
[BlackElo "2018"]
[BlackRD "100"]
[GameID "273075"]

1. e4 c5 2. Nf3 Nc6 3. Bb5 Nd4 4. Nxd4 cxd4 5. O-O a6 6. Ba4 b5 7. Bb3 Bb7 8. d3 e6 9. f4 Be7 10. Nd2 Nf6
11. Nf3 Qb6 12. a3 O-O 13. Kh1 d6 14. e5 dxe5 15. Nxe5 Rad8 16. Bd2 Nd5 17. Kg1 Ne3 18. Bxe3 dxe3 19. Qe2 Bd5 20. Bxd5 exd5
21. c3 f6 22. Ng4 d4 23. cxd4 Qxd4 24. Nxe3 Bc5 25. Rf3 Rfe8 26. Re1 Qxd3 27. Qxd3 Rxd3 28. Kf2 Rb3 29. Re2 Kf7 30. f5 Re5
31. g4 h6 32. h3 a5 33. h4 a4 34. h5 Re4 35. Rg3 Rbxe3 36. Rexe3 Bxe3+ 37. Rxe3 Rxg4 38. Rh3 Rf4+ 39. Rf3 Rh4 40. Kg3 Rxh5
41. Kg4 Rh2 42. b3 Rg2+ 43. Kh3 Rb2 44. bxa4 bxa4 45. Kg4 Rb3 46. Rf4 Rxa3 47. Rb4 Kg8 48. Kh5 Kh7 49. Kg4 Ra1 50. Kf4 a3
0-1

[Event "Chess Training #001"]
[Site "SchemingMind.com"]
[Date "2011.01.15"]
[Round "-"]
[White "Alikabok"]
[Black "Clive Everill"]
[Result "1-0"]
[WhiteCountry "PHI"]
[BlackCountry "CZE"]
[WhiteElo "2011"]
[WhiteRD "97"]
[BlackElo "1688"]
[BlackRD "52"]
[GameID "273080"]

1. e4 Nc6 2. Nf3 f5 3. d3 e5 4. Nc3 Bb4 5. Bd2 Nf6 6. a3 fxe4 7. Nxe4 Bxd2+ 8. Qxd2 Nxe4 9. dxe4 O-O 10. O-O-O d6
11. Bc4+ Kh8 12. h4 Bg4 13. Ng5 Bxd1 14. Qxd1 Qf6 15. Kb1 h6 16. Qh5 Na5 17. Be6 Rae8 18. Bf5 Nc4 19. Rd1 d5 20. Rxd5 Qb6
21. b3 Nxa3+ 22. Kb2 Nc4+ 23. Kc1 Nd6 24. Qg6
1-0

[Event "Chess Training #001"]
[Site "SchemingMind.com"]
[Date "2011.03.13"]
[Round "-"]
[White "Orange Lion"]
[Black "Alikabok"]
[Result "1-0"]
[WhiteCountry "NED"]
[BlackCountry "PHI"]
[WhiteElo "2462"]
[WhiteRD "82"]
[BlackElo "1975"]
[BlackRD "104"]
[GameID "278327"]

1. e4 d5 2. exd5 Nf6 3. d4 Nxd5 4. Nf3 Bg4 5. h3 Bh5 6. c4 Nb6 7. Nc3 e6 8. g4 Bg6 9. Ne5 N8d7 10. Nxg6 hxg6
11. Qe2 Qe7 12. Bg2 O-O-O 13. a4 a6 14. a5 Na8 15. Be3 Nf6 16. O-O c6 17. Rfd1 Nc7 18. Na4 Nd7 19. d5 exd5 20. cxd5 cxd5
21. Nb6+ Kb8 22. Nxd5 Nxd5 23. Rxd5 Nf6 24. Bf4+
1-0

[Event "Chess Training #001"]
[Site "SchemingMind.com"]
[Date "2011.03.13"]
[Round "-"]
[White "Alikabok"]
[Black "Orange Lion"]
[Result "0-1"]
[WhiteCountry "PHI"]
[BlackCountry "NED"]
[WhiteElo "1975"]
[WhiteRD "104"]
[BlackElo "2462"]
[BlackRD "82"]
[GameID "278331"]

1. e4 e6 2. d3 d5 3. Nd2 Nf6 4. Ngf3 c5 5. g3 Nc6 6. Bg2 Be7 7. O-O O-O 8. e5 Nd7 9. Re1 Qc7 10. Qe2 b5
11. Nf1 Nd4 12. Nxd4 cxd4 13. h4 Bb7 14. Bf4 Rfc8 15. Rac1 Qa5 16. a3 Qb6 17. Nh2 b4 18. axb4 Bxb4 19. Rf1 Rc7 20. Nf3 Ba6
21. Rfd1 Rac8 22. Nxd4 Qxd4 23. c3 Bxc3
0-1